zpět

Detail výsledku týmu

Bar U Souseda, Plzeň

Datum a čas kvízu

14 Celkem bodů Celkový počet nahraných bodů na tomto kvízu bez doplňovacích otázek.
8. Pořadí na kvízu Konečné umístění týmu na tomto kvízu.

Zaznamenané odpovědi

# Otázka Odpověď Body Výsledky
1. Marek Hilšer a Jiří Drahoš ozn... 0
2. Severokorejský vůdce Kim Čong-... 0
3. V ostravském Husově sadu byla... 0
4. Nový nástupce kompaktní třídy... 1
5. V neděli získaly tyto české te... 0
6. V hlasování na facebooku poraz... 0
7. "Ten Francin je nějaké ____ na... 0
8. Novela Taneční hodiny pro star... 0
9. Kterým slovem, pro Hrabala typ... 1
10. Celkem kolik osob cestuje dopr... 1